[Event "58th Rubinstein Memorial"]
[Site "Polanica Zdroj POL"]
[Date "2022.08.14"]
[Round "1"]
[White "Kempinski, Robert"]
[Black "Donchenko, Alexander"]
[WhiteElo "2558"]
[BlackElo "2630"]
[Result "1/2-1/2"]
[EventDate "2022.08.14"]
[PlyCount "61"]
1. d4 d5 2. Nf3 Nf6 3. c4 c6 4. e3 Bf5 5. Nc3 e6 6. Nh4 Be4 7. f3 Bg6 8. g3 Be7 9. Nxg6 hxg6 10. Bd2 dxc4 11. Bxc4 a5 12. Be2 b5 13. Qc2 Qb6 14. Rc1 Nbd7 15. O-O O-O 16. Rfd1 Rac8 17. Be1 e5 18. Bf2 exd4 19. exd4 Rfe8 20. f4 Qb7 21. Bf3 Nd5 22. Ne4 N7f6 23. Re1 Nb4 24. Nxf6+ Bxf6 25. Rxe8+ Rxe8 26. Qd2 Qa8 27. a3 Nd5 28. Qc2 Ne7 29. Qc5 Rd8 30. Rc2 Qb8 31. Kg2 1/2-1/2

[Event "58th Rubinstein Memorial"]
[Site "Polanica Zdroj POL"]
[Date "2022.08.14"]
[Round "1"]
[White "Mastrovasilis, Dimitrios"]
[Black "Tomczak, Jacek"]
[WhiteElo "2597"]
[BlackElo "2596"]
[Result "1-0"]
[EventDate "2022.08.14"]
[PlyCount "67"]
1. e4 c5 2. Nf3 Nc6 3. d4 cxd4 4. Nxd4 Nf6 5. Nc3 d6 6. Bg5 e6 7. Qd2 a6 8. Nxc6 bxc6 9. O-O-O Be7 10. Bxf6 gxf6 11. Bc4 O-O 12. h4 Kh8 13. g4 e5 14. Rdg1 Be6 15. Bxe6 fxe6 16. g5 Rg8 17. g6 Bf8 18. h5 Ra7 19. Kb1 Qb6 20. f4 Rb7 21. b3 Qd4 22. Qxd4 exd4 23. Ne2 c5 24. f5 exf5 25. Ng3 Re7 26. Nxf5 Rxe4 27. Rf1 d5 28. Rhg1 Re5 29. Kc1 c4 30. Kd1 a5 31. Rg4 Re4 32. Rfg1 Re5 33. g7+ Bxg7 34. h6 1-0

[Event "58th Rubinstein Memorial"]
[Site "Polanica Zdroj POL"]
[Date "2022.08.14"]
[Round "1"]
[White "Nasuta, Grzegorz"]
[Black "Sumets, Andrey"]
[WhiteElo "2500"]
[BlackElo "2547"]
[Result "1-0"]
[EventDate "2022.08.14"]
[PlyCount "87"]
1. e4 e6 2. d4 d5 3. e5 c5 4. c3 Nc6 5. Nf3 Bd7 6. Be2 Nge7 7. O-O Ng6 8. g3 f6 9. exf6 Qxf6 10. Be3 cxd4 11. Nxd4 Bd6 12. Nb5 Bb8 13. Nd2 a6 14. Nd4 O-O 15. Qb3 b5 16. f4 Ba7 17. N2f3 Na5 18. Qa3 Nc4 19. Bxc4 dxc4 20. Qd6 Rfd8 21. Rae1 Bb8 22. Qb6 Rc8 23. Ng5 Nf8 24. f5 Ba7 25. Qd6 Bc5 26. Qf4 e5 27. Qf3 exd4 28. Qd5+ Kh8 29. cxd4 h6 30. Ne4 Qc6 31. Qxc6 Bxc6 32. Nxc5 Nh7 33. Bf4 Re8 34. Ne6 Ra7 35. Be5 Rae7 36. h4 Kg8 37. g4 Nf6 38. g5 hxg5 39. hxg5 Ng4 40. Rf4 Nxe5 41. Rxe5 Rc8 42. f6 gxf6 43. gxf6 Rd7 44. f7+ 1-0

[Event "58th Rubinstein Memorial"]
[Site "Polanica Zdroj POL"]
[Date "2022.08.14"]
[Round "1"]
[White "Tazbir, Marcin"]
[Black "Plat, Vojtech"]
[WhiteElo "2511"]
[BlackElo "2556"]
[Result "0-1"]
[EventDate "2022.08.14"]
[PlyCount "86"]
1. c4 g6 2. g3 Bg7 3. Bg2 e5 4. Nc3 Ne7 5. d3 Nbc6 6. e3 O-O 7. Nge2 d6 8. O-O Be6 9. Nd5 Rb8 10. Rb1 a6 11. b3 Qd7 12. Bb2 b5 13. Qd2 f5 14. f4 Bf7 15. Rbc1 Rfe8 16. e4 bxc4 17. bxc4 Nd4 18. fxe5 Nxe2+ 19. Qxe2 dxe5 20. Qf2 c6 21. Nxe7+ Rxe7 22. exf5 gxf5 23. Ba3 Re6 24. Qxf5 Bg6 25. Qg4 h5 26. Qg5 Bxd3 27. Rfe1 Qd4+ 28. Kh1 h4 29. Rcd1 Qxc4 30. Qe3 e4 31. gxh4 Qxa2 32. Bc1 Rbe8 33. Bh3 R6e7 34. Rd2 Qd5 35. Rg1 Kh8 36. Rdg2 Bd4 37. Qh6+ Rh7 38. Qg6 Qf7 39. Qxc6 Bf1 40. Rf2 Bb5 41. Rxf7 Bxc6 42. Rxh7+ Kxh7 43. Re1 Bf2 0-1

[Event "58th Rubinstein Memorial"]
[Site "Polanica Zdroj POL"]
[Date "2022.08.14"]
[Round "1"]
[White "Teclaf, Pawel"]
[Black "Bernadskii, Vitalii"]
[WhiteElo "2550"]
[BlackElo "2598"]
[Result "1/2-1/2"]
[EventDate "2022.08.14"]
[PlyCount "65"]
1. e4 c5 2. Nf3 Nc6 3. d4 cxd4 4. Nxd4 e5 5. Nb5 d6 6. c4 Be6 7. N1c3 a6 8. Na3 Rc8 9. Be3 g6 10. Be2 Bg7 11. Nc2 Nf6 12. O-O O-O 13. b3 b5 14. cxb5 axb5 15. Nxb5 Nxe4 16. f3 Nf6 17. Nxd6 Ra8 18. Nb5 Nd5 19. Bc5 Nf4 20. Bxf8 Qxf8 21. Bc4 e4 22. Rb1 Qc5+ 23. Kh1 Bxc4 24. bxc4 e3 25. Re1 e2 26. Qd2 Be5 27. g3 Qf2 28. gxf4 Qxf3+ 29. Kg1 Qg4+ 30. Kh1 Qf3+ 31. Kg1 Qg4+ 32. Kf2 Qh4+ 33. Kxe2 1/2-1/2

[Event "58th Rubinstein Memorial"]
[Site "Polanica Zdroj POL"]
[Date "2022.08.15"]
[Round "2"]
[White "Bernadskii, Vitalii"]
[Black "Kempinski, Robert"]
[WhiteElo "2598"]
[BlackElo "2558"]
[Result "1-0"]
[EventDate "2022.08.14"]
[PlyCount "75"]
1. c4 b6 2. Nc3 Bb7 3. e4 e5 4. Nf3 Nc6 5. g3 Bc5 6. Bg2 Nge7 7. O-O O-O 8. d3 d6 9. Be3 Nd4 10. Bxd4 Bxd4 11. Nxd4 exd4 12. Ne2 c5 13. g4 b5 14. b3 bxc4 15. bxc4 Rb8 16. Ng3 Bc6 17. Qd2 Bd7 18. h3 Nc6 19. Rab1 Qa5 20. Qxa5 Nxa5 21. Nf5 Ba4 22. Nxd6 Bc2 23. Rbc1 Rb2 24. Rxc2 Rxc2 25. e5 Rb8 26. Bd5 Rxa2 27. Nxf7 Nb3 28. f4 Kf8 29. Ng5 Ke7 30. f5 Ra1 31. f6+ gxf6 32. exf6+ Kd6 33. Rxa1 Nxa1 34. Nxh7 Nc2 35. g5 Ne3 36. g6 a5 37. g7 Rb1+ 38. Kf2 1-0

[Event "58th Rubinstein Memorial"]
[Site "Polanica Zdroj POL"]
[Date "2022.08.15"]
[Round "2"]
[White "Donchenko, Alexander"]
[Black "Nasuta, Grzegorz"]
[WhiteElo "2630"]
[BlackElo "2500"]
[Result "1-0"]
[EventDate "2022.08.14"]
[PlyCount "65"]
1. c4 c6 2. Nf3 d5 3. g3 Nf6 4. Bg2 Bf5 5. O-O e6 6. cxd5 exd5 7. d3 Be7 8. Qb3 Qb6 9. Qc2 O-O 10. Nc3 h6 11. e4 Bh7 12. Re1 dxe4 13. dxe4 Nd5 14. Na4 Qa5 15. a3 Nb6 16. Nc3 N8d7 17. Bf4 Nd5 18. Nxd5 cxd5 19. Qd2 Qxd2 20. Nxd2 d4 21. Nb3 g5 22. Bd2 Ne5 23. Nxd4 Nd3 24. Re2 Nxb2 25. Nf5 Bxf5 26. exf5 Bf6 27. Rc1 Rfd8 28. Bxb7 Rab8 29. Rc7 Nc4 30. Bb4 a5 31. Be7 Re8 32. Bxf6 Rxe2 33. Rxc4 1-0

[Event "58th Rubinstein Memorial"]
[Site "Polanica Zdroj POL"]
[Date "2022.08.15"]
[Round "2"]
[White "Plat, Vojtech"]
[Black "Tomczak, Jacek"]
[WhiteElo "2556"]
[BlackElo "2596"]
[Result "1-0"]
[EventDate "2022.08.14"]
[PlyCount "71"]
1. c4 Nf6 2. d4 e6 3. Nc3 Bb4 4. Qc2 d5 5. a3 Bxc3+ 6. Qxc3 c5 7. dxc5 d4 8. Qg3 Nc6 9. b4 O-O 10. Bg5 e5 11. Nf3 e4 12. Ne5 Nh5 13. Bxd8 Nxg3 14. Nxc6 bxc6 15. hxg3 Rxd8 16. e3 d3 17. f3 Be6 18. Kd2 a5 19. b5 Bxc4 20. b6 f5 21. g4 fxg4 22. fxe4 Re8 23. g3 Re5 24. Rc1 Rxc5 25. Rc3 Rd8 26. a4 Rb8 27. Bxd3 Bxd3 28. Rxc5 Bxe4 29. Rhh5 Rxb6 30. Rhe5 Bf3 31. Re7 Rb2+ 32. Kc3 Rg2 33. Rg5 Rxg3 34. Rgxg7+ Kf8 35. Ref7+ Ke8 36. Ra7 1-0

[Event "58th Rubinstein Memorial"]
[Site "Polanica Zdroj POL"]
[Date "2022.08.15"]
[Round "2"]
[White "Sumets, Andrey"]
[Black "Mastrovasilis, Dimitrios"]
[WhiteElo "2547"]
[BlackElo "2597"]
[Result "1/2-1/2"]
[EventDate "2022.08.14"]
[PlyCount "83"]
1. d4 d5 2. c4 e6 3. Nf3 Nf6 4. g3 dxc4 5. Bg2 a6 6. O-O Nc6 7. Qd2 Bd7 8. Ne5 Nxe5 9. dxe5 Nd5 10. Bxd5 exd5 11. Qxd5 Be6 12. Qf3 Qd5 13. Qxd5 Bxd5 14. Nc3 Bc6 15. Rd1 Rd8 16. Bg5 Be7 17. Rxd8+ Bxd8 18. Bxd8 Kxd8 19. Rd1+ Ke7 20. f4 b5 21. e4 b4 22. Nd5+ Bxd5 23. exd5 Rd8 24. Kf2 c3 25. bxc3 bxc3 26. Rd3 c2 27. Rc3 Rxd5 28. Rxc7+ Ke6 29. Rxc2 Ra5 30. Kg2 Kf5 31. Kh3 Ra4 32. Rc7 Ke6 33. Rc8 Rxa2 34. Rh8 h6 35. Rh7 g6 36. Rxh6 a5 37. Kg4 a4 38. h4 a3 39. Rh8 Rg2 40. Ra8 a2 41. Kf3 Rb2 42. Ke4 1/2-1/2

[Event "58th Rubinstein Memorial"]
[Site "Polanica Zdroj POL"]
[Date "2022.08.15"]
[Round "2"]
[White "Tazbir, Marcin"]
[Black "Teclaf, Pawel"]
[WhiteElo "2511"]
[BlackElo "2550"]
[Result "1/2-1/2"]
[EventDate "2022.08.14"]
[PlyCount "60"]
1. e4 e5 2. Nf3 Nc6 3. Bb5 a6 4. Ba4 Nf6 5. Qe2 b5 6. Bb3 Bc5 7. c3 d6 8. h3 O-O 9. d3 Be6 10. Bg5 Bxb3 11. axb3 Qe7 12. Nbd2 h6 13. Bxf6 Qxf6 14. Nf1 Ne7 15. Ne3 Qe6 16. b4 Bb6 17. Nh4 g6 18. O-O a5 19. bxa5 Bxa5 20. Qg4 Qxg4 21. hxg4 Bb6 22. Nf3 Kg7 23. g3 f5 24. gxf5 gxf5 25. Nxf5+ Nxf5 26. exf5 Rxa1 27. Rxa1 Rxf5 28. Kg2 Rf8 29. d4 exd4 30. Nxd4 Re8 1/2-1/2

[Event "58th Rubinstein Memorial"]
[Site "Polanica Zdroj POL"]
[Date "2022.08.16"]
[Round "3"]
[White "Kempinski, Robert"]
[Black "Tazbir, Marcin"]
[WhiteElo "2558"]
[BlackElo "2511"]
[Result "1/2-1/2"]
[EventDate "2022.08.14"]
[PlyCount "60"]
1. c4 e5 2. Nc3 f5 3. g3 d6 4. Bg2 Nf6 5. d3 Be7 6. Nf3 O-O 7. O-O c6 8. Rb1 a5 9. a3 h6 10. b4 axb4 11. axb4 Be6 12. Bb2 Qe8 13. b5 Nbd7 14. e3 Nc5 15. bxc6 bxc6 16. d4 Ncd7 17. dxe5 Nxe5 18. c5 Nxf3+ 19. Bxf3 dxc5 20. Qc2 Nd5 21. Na4 c4 22. Qxc4 f4 23. Nc5 fxe3 24. fxe3 Bf7 25. e4 Nf4 26. Qd4 Bxc5 27. Qxc5 Nd3 28. Qc3 Nxb2 29. Rxb2 Be6 30. Rbf2 Qd7 1/2-1/2

[Event "58th Rubinstein Memorial"]
[Site "Polanica Zdroj POL"]
[Date "2022.08.16"]
[Round "3"]
[White "Mastrovasilis, Dimitrios"]
[Black "Donchenko, Alexander"]
[WhiteElo "2597"]
[BlackElo "2630"]
[Result "1/2-1/2"]
[EventDate "2022.08.14"]
[PlyCount "69"]
1. e4 c5 2. Nf3 d6 3. d4 cxd4 4. Nxd4 Nf6 5. Nc3 a6 6. Be3 e5 7. Nf3 Be7 8. Bc4 Be6 9. Bxe6 fxe6 10. Ng5 Qd7 11. Qf3 Nc6 12. Qh3 Nd8 13. Bb6 h6 14. O-O-O O-O 15. Bxd8 hxg5 16. Bxe7 Qxe7 17. Rd2 b5 18. Qd3 Rfd8 19. Rhd1 Rac8 20. f3 Rc6 21. Kb1 Rdc8 22. a3 Nd7 23. Na2 Nc5 24. Qe2 Rb6 25. Nc1 a5 26. Nb3 Nb7 27. Qe3 Rbc6 28. Qe2 Rb6 29. Qe3 Rbc6 30. Qe2 Qc7 31. Qxb5 Rxc2 32. Ka2 Rc4 33. Nc1 a4 34. Nd3 Na5 35. Nb4 1/2-1/2

[Event "58th Rubinstein Memorial"]
[Site "Polanica Zdroj POL"]
[Date "2022.08.16"]
[Round "3"]
[White "Nasuta, Grzegorz"]
[Black "Bernadskii, Vitalii"]
[WhiteElo "2500"]
[BlackElo "2598"]
[Result "1-0"]
[EventDate "2022.08.14"]
[PlyCount "65"]
1. e4 c5 2. Nf3 e6 3. d4 cxd4 4. Nxd4 a6 5. c4 Nf6 6. Nc3 Bb4 7. Qd3 Qc7 8. a3 Bxc3+ 9. Qxc3 O-O 10. f3 d6 11. Bg5 Nbd7 12. Be2 b6 13. O-O Bb7 14. Rac1 Rac8 15. Qd2 h6 16. Be3 Rfe8 17. Rfd1 Qd8 18. Bf1 Qe7 19. b4 Qf8 20. Nb3 Rc6 21. a4 d5 22. exd5 exd5 23. c5 Qe7 24. Bf2 bxc5 25. Na5 Rc7 26. Bg3 Ne5 27. Re1 Nfd7 28. Nxb7 Rxb7 29. bxc5 Qf8 30. Qxd5 Nxf3+ 31. gxf3 Rxe1 32. Bxe1 Rc7 33. Bg3 1-0

[Event "58th Rubinstein Memorial"]
[Site "Polanica Zdroj POL"]
[Date "2022.08.16"]
[Round "3"]
[White "Tomczak, Jacek"]
[Black "Sumets, Andrey"]
[WhiteElo "2596"]
[BlackElo "2547"]
[Result "1/2-1/2"]
[EventDate "2022.08.14"]
[PlyCount "161"]
1. e4 c6 2. d4 d5 3. exd5 cxd5 4. c4 Nf6 5. Nc3 e6 6. Nf3 Bb4 7. cxd5 Nxd5 8. Bd2 Nc6 9. Bd3 O-O 10. O-O Be7 11. Re1 Ndb4 12. Be4 Nxd4 13. Nxd4 Qxd4 14. Qe2 Nc6 15. Rad1 Qf6 16. Be3 Bb4 17. Qh5 h6 18. h4 Bxc3 19. bxc3 e5 20. Bc1 Rd8 21. Rxd8+ Nxd8 22. Bc2 Nc6 23. Re3 Qf4 24. Qd1 Be6 25. Qd3 f5 26. Qb5 Rb8 27. Bb3 Bxb3 28. Qxb3+ Kh8 29. Qf7 e4 30. Re1 Qe5 31. Rd1 Kh7 32. h5 Rd8 33. Rxd8 Nxd8 34. Qg6+ Kh8 35. Be3 Nc6 36. Qf7 b6 37. g3 b5 38. Bf4 Qc5 39. Be3 Qe5 40. Bf4 Qc5 41. Qe8+ Kh7 42. Qe6 a5 43. Be3 Qc4 44. Qxf5+ Kh8 45. a3 a4 46. Kg2 Kg8 47. Qg6 Kh8 48. Qf5 Kg8 49. Kg1 Kh8 50. g4 Qxc3 51. Qxb5 Qf6 52. Qxa4 Qe6 53. Kf1 Qxg4 54. Ke1 Qe6 55. Qc2 Na5 56. Qc5 Nc6 57. Bf4 Qd7 58. Qf8+ Kh7 59. Qd6 Qxd6 60. Bxd6 g6 61. Kd2 gxh5 62. Ke3 Na5 63. Bb4 Nc4+ 64. Kd4 Nb6 65. Kxe4 Kg6 66. Bc5 Nd7 67. Bd6 Kf6 68. Kd5 h4 69. Ke4 Ke6 70. Bh2 Nc5+ 71. Kd4 Na4 72. f3 h3 73. Kc4 Kd7 74. Kd5 Nc3+ 75. Ke5 Ne2 76. Ke4 Kc6 77. Ke3 Nc3 78. Kf4 Nb5 79. Kg4 Nxa3 80. f4 Nc4 81. Kxh3 1/2-1/2

[Event "58th Rubinstein Memorial"]
[Site "Polanica Zdroj POL"]
[Date "2022.08.16"]
[Round "4"]
[White "Bernadskii, Vitalii"]
[Black "Mastrovasilis, Dimitrios"]
[WhiteElo "2598"]
[BlackElo "2597"]
[Result "1/2-1/2"]
[EventDate "2022.08.14"]
[PlyCount "67"]
1. e4 e5 2. Nf3 Nc6 3. Bb5 Nf6 4. d3 Bc5 5. O-O Nd4 6. Nxd4 Bxd4 7. c3 Bb6 8. Na3 O-O 9. Bg5 h6 10. Bh4 c6 11. Ba4 d6 12. Nc4 Bc7 13. Ne3 g5 14. Bg3 Be6 15. Bb3 Qe7 16. h4 Kh8 17. Re1 Rg8 18. hxg5 hxg5 19. Bh2 g4 20. Kf1 Bb6 21. Qd2 Kg7 22. Ke2 Rh8 23. Rh1 Nh5 24. Bxe6 Bxe3 25. Qxe3 Qxe6 26. Bg3 Rh6 27. Kd2 Rah8 28. Rhg1 c5 29. Bh4 Rg6 30. g3 f5 31. exf5 Qxf5 32. Raf1 Rf8 33. f3 Nf6 34. c4 1/2-1/2

[Event "58th Rubinstein Memorial"]
[Site "Polanica Zdroj POL"]
[Date "2022.08.16"]
[Round "4"]
[White "Donchenko, Alexander"]
[Black "Tomczak, Jacek"]
[WhiteElo "2630"]
[BlackElo "2596"]
[Result "0-1"]
[EventDate "2022.08.14"]
[PlyCount "48"]
1. Nf3 Nf6 2. c4 g6 3. Nc3 Bg7 4. e4 e5 5. Nxe5 O-O 6. Nf3 Re8 7. d3 d5 8. cxd5 Nxd5 9. Bd2 Bg4 10. Be2 Bxf3 11. gxf3 Nb4 12. Be3 N8c6 13. a3 Na6 14. Nb5 Nd4 15. Nxd4 Bxd4 16. Qa4 c5 17. f4 Bxe3 18. fxe3 c4 19. O-O-O c3 20. bxc3 Rc8 21. Kc2 Nc5 22. Qd4 Qh4 23. Rd2 Red8 24. Qe5 f6 0-1

[Event "58th Rubinstein Memorial"]
[Site "Polanica Zdroj POL"]
[Date "2022.08.16"]
[Round "4"]
[White "Plat, Vojtech"]
[Black "Sumets, Andrey"]
[WhiteElo "2556"]
[BlackElo "2547"]
[Result "1-0"]
[EventDate "2022.08.14"]
[PlyCount "71"]
1. e4 c6 2. Nf3 d5 3. d3 dxe4 4. dxe4 Qxd1+ 5. Kxd1 Nf6 6. Nbd2 g6 7. Ne1 h5 8. f3 Bh6 9. a4 Be6 10. Nd3 Nbd7 11. b3 O-O-O 12. a5 h4 13. Bb2 Nc5 14. b4 Nxd3 15. Bxd3 Bf4 16. Ke2 Rh5 17. Nf1 Rg5 18. g3 hxg3 19. hxg3 Bd6 20. f4 Rh5 21. Rxh5 Nxh5 22. Bc3 c5 23. e5 cxb4 24. Bd4 Bc7 25. Bxa7 b3 26. cxb3 Bxb3 27. Rc1 Bd5 28. Bb5 Ng7 29. Ne3 Ne6 30. Nxd5 Rxd5 31. Bc4 Rd7 32. Bb6 Kb8 33. Bxe6 fxe6 34. Rh1 Bxb6 35. axb6 Kc8 36. Rh7 1-0

[Event "58th Rubinstein Memorial"]
[Site "Polanica Zdroj POL"]
[Date "2022.08.16"]
[Round "4"]
[White "Tazbir, Marcin"]
[Black "Nasuta, Grzegorz"]
[WhiteElo "2511"]
[BlackElo "2500"]
[Result "1/2-1/2"]
[EventDate "2022.08.14"]
[PlyCount "63"]
1. c4 Nf6 2. Nc3 d5 3. cxd5 Nxd5 4. d4 g6 5. g3 Bg7 6. Bg2 Nxc3 7. bxc3 c5 8. Nf3 Nc6 9. O-O cxd4 10. cxd4 Nxd4 11. Nxd4 Qxd4 12. Rb1 O-O 13. Be3 Qc4 14. Bd5 Qa6 15. Qb3 Qxe2 16. Bc5 Bf5 17. Rfe1 Qd2 18. Rbd1 Qc2 19. Qxc2 Bxc2 20. Rc1 Bf5 21. Rxe7 Rac8 22. Rxb7 Bd4 23. Ba3 Rxc1+ 24. Bxc1 Be6 25. Bxe6 fxe6 26. Be3 Bxe3 27. fxe3 Rf7 28. Rb8+ Kg7 29. Kg2 Rf5 30. Rb7+ Rf7 31. Rb8 Rf5 32. Rb7+ 1/2-1/2

[Event "58th Rubinstein Memorial"]
[Site "Polanica Zdroj POL"]
[Date "2022.08.16"]
[Round "4"]
[White "Teclaf, Pawel"]
[Black "Kempinski, Robert"]
[WhiteElo "2550"]
[BlackElo "2558"]
[Result "1/2-1/2"]
[EventDate "2022.08.14"]
[PlyCount "155"]
1. e4 c5 2. Nf3 e6 3. d4 cxd4 4. Nxd4 Nc6 5. Nc3 a6 6. Be2 d6 7. Be3 Bd7 8. Qd2 b5 9. a3 Nge7 10. Nb3 Nc8 11. a4 b4 12. Na2 a5 13. c3 Rb8 14. Bb5 Ne5 15. Bxd7+ Qxd7 16. Nxa5 Qxa4 17. cxb4 Qb5 18. Nc3 Qxb4 19. b3 Ra8 20. Ra4 Qb8 21. O-O Be7 22. Qe2 O-O 23. f4 Nd7 24. Nc6 Qc7 25. Qb5 Rxa4 26. bxa4 Bf6 27. Rc1 Bxc3 28. Rxc3 Nf6 29. a5 Nxe4 30. Rc1 Nc5 31. Bxc5 dxc5 32. Qxc5 Qxf4 33. a6 h6 34. Ra1 Re8 35. a7 Nxa7 36. Rxa7 Kh8 37. Ne5 Rb8 38. Ra1 Kg8 39. Rf1 Qg5 40. Rxf7 Rb1+ 41. Rf1 Rxf1+ 42. Kxf1 Qf5+ 43. Ke1 Qe4+ 44. Kd1 Qxg2 45. Qc8+ Kh7 46. Qc2+ Qxc2+ 47. Kxc2 h5 48. Kd3 Kh6 49. Nf3 g5 50. Nd4 g4 51. Ke4 Kg5 52. Ne2 Kh4 53. Ng1 e5 54. Ke3 Kg5 55. Kf2 Kh4 56. Ke2 Kg5 57. Ke3 Kf5 58. Ne2 h4 59. Kd3 Ke6 60. Ke4 Kf6 61. Nc3 Ke6 62. Ke3 Kf5 63. Ne2 Ke6 64. Nc1 Kf5 65. Ne2 Ke6 66. Nc3 Kf5 67. Nd1 Ke6 68. Nb2 Kf5 69. Nd3 Ke6 70. Nc1 Kf5 71. Na2 Ke6 72. Nb4 Kf5 73. Nc2 Ke6 74. Ke2 Kf5 75. Ne3+ Kf4 76. Ng2+ Kg5 77. Ne1 Kf4 78. Nd3+ 1/2-1/2

[Event "58th Rubinstein Memorial"]
[Site "Polanica Zdroj POL"]
[Date "2022.08.17"]
[Round "5"]
[White "Kempinski, Robert"]
[Black "Plat, Vojtech"]
[WhiteElo "2558"]
[BlackElo "2556"]
[Result "0-1"]
[EventDate "2022.08.14"]
[PlyCount "118"]
1. d4 Nf6 2. Nf3 g6 3. c4 Bg7 4. e3 O-O 5. Be2 c5 6. d5 e6 7. Nc3 exd5 8. cxd5 d6 9. Nd2 Re8 10. O-O Na6 11. e4 Bd7 12. Re1 Nc7 13. a4 a6 14. Bf3 Bf8 15. Nb3 b5 16. Bf4 bxa4 17. Nxa4 Rb8 18. Bd2 Ng4 19. Bxg4 Bxg4 20. Qxg4 Rxb3 21. Qd1 Rb7 22. Ba5 Qd7 23. Rc1 Reb8 24. e5 Nxd5 25. Qxd5 Qxa4 26. Bc3 Qb3 27. Qxb3 Rxb3 28. exd6 Bxd6 29. Ra1 R3b6 30. g3 Bf8 31. Ra5 Rc6 32. Re5 Rd8 33. Kf1 Rb6 34. Re4 h5 35. Ke2 f5 36. Rea4 Re8+ 37. Kf3 Ree6 38. h4 Kf7 39. Ra1 Rbc6 40. Rd1 Bd6 41. Ra4 Ke7 42. Rda1 Bc7 43. Rc4 Kd7 44. Rd1+ Rcd6 45. Ra1 Rd3+ 46. Kg2 Re2 47. Kf1 Rc2 48. Ke1 f4 49. gxf4 Rh3 50. Rd1+ Kc6 51. Rd2 Rxd2 52. Bxd2 Kb5 53. Re4 Rxh4 54. Kf1 g5 55. Kg2 Bxf4 56. Bxf4 Rxf4 57. Rxf4 gxf4 58. Kf3 c4 59. Kxf4 c3 0-1

[Event "58th Rubinstein Memorial"]
[Site "Polanica Zdroj POL"]
[Date "2022.08.17"]
[Round "5"]
[White "Mastrovasilis, Dimitrios"]
[Black "Tazbir, Marcin"]
[WhiteElo "2597"]
[BlackElo "2511"]
[Result "1-0"]
[EventDate "2022.08.14"]
[PlyCount "81"]
1. e4 c5 2. Nf3 Nc6 3. d4 cxd4 4. Nxd4 Nf6 5. Nc3 e5 6. Ndb5 d6 7. Bg5 a6 8. Na3 b5 9. Nd5 Be7 10. Bxf6 Bxf6 11. c4 b4 12. Nc2 O-O 13. g3 a5 14. Bg2 g6 15. O-O Bg7 16. Qd3 Be6 17. Rad1 Qb8 18. h4 h5 19. Kh2 Qa7 20. b3 Rad8 21. Qe2 Rfe8 22. Rd3 Qc5 23. Nc7 Re7 24. Nb5 Na7 25. Nxa7 Rxa7 26. Rfd1 Bh6 27. Bh3 a4 28. Bxe6 fxe6 29. Ne1 axb3 30. axb3 Ra3 31. Kg2 Kf7 32. Rf3+ Ke7 33. Nd3 Qa5 34. c5 Qc7 35. cxd6+ Qxd6 36. Nb2 Qa6 37. Nc4 Ra2 38. Qe1 Rxd1 39. Qxd1 Ra1 40. Qd3 Re1 41. Rf7+ 1-0

[Event "58th Rubinstein Memorial"]
[Site "Polanica Zdroj POL"]
[Date "2022.08.17"]
[Round "5"]
[White "Nasuta, Grzegorz"]
[Black "Teclaf, Pawel"]
[WhiteElo "2500"]
[BlackElo "2550"]
[Result "1/2-1/2"]
[EventDate "2022.08.14"]
[PlyCount "60"]
1. e4 e5 2. Nf3 Nf6 3. Nxe5 d6 4. Nf3 Nxe4 5. d4 d5 6. Bd3 Bf5 7. O-O Be7 8. Re1 O-O 9. Nbd2 Nd6 10. Nf1 c6 11. Bxf5 Nxf5 12. Qd3 Nd6 13. Bf4 Na6 14. h4 Nc7 15. Ng5 g6 16. Nh2 Qd7 17. Qg3 Nf5 18. Qh3 f6 19. Ngf3 Ne6 20. Bd2 Bd6 21. c3 Nf4 22. Bxf4 Bxf4 23. h5 Bxh2+ 24. Nxh2 Qf7 25. Qg4 Rfe8 26. Qf4 Kg7 27. Nf3 Qd7 28. hxg6 hxg6 29. Rxe8 Rxe8 30. Re1 Qd6 1/2-1/2

[Event "58th Rubinstein Memorial"]
[Site "Polanica Zdroj POL"]
[Date "2022.08.17"]
[Round "5"]
[White "Sumets, Andrey"]
[Black "Donchenko, Alexander"]
[WhiteElo "2547"]
[BlackElo "2630"]
[Result "1/2-1/2"]
[EventDate "2022.08.14"]
[PlyCount "47"]
1. d4 Nf6 2. c4 e6 3. Nf3 d5 4. Nc3 Bb4 5. cxd5 exd5 6. Qa4+ Nc6 7. Bg5 h6 8. Bxf6 Qxf6 9. e3 O-O 10. Rc1 Rd8 11. a3 Bf8 12. Be2 Ne7 13. O-O Ng6 14. b4 a6 15. Qb3 c6 16. Na4 Rb8 17. Nc5 Bd6 18. Rfe1 Bg4 19. Qd1 h5 20. h3 Bf5 21. Nd2 Qg5 22. Nf3 Qf6 23. Nd2 Qg5 24. Nf3 1/2-1/2

[Event "58th Rubinstein Memorial"]
[Site "Polanica Zdroj POL"]
[Date "2022.08.17"]
[Round "5"]
[White "Tomczak, Jacek"]
[Black "Bernadskii, Vitalii"]
[WhiteElo "2596"]
[BlackElo "2598"]
[Result "1/2-1/2"]
[EventDate "2022.08.14"]
[PlyCount "112"]
1. e4 e5 2. Nf3 Nc6 3. Bb5 a6 4. Ba4 Nf6 5. O-O b5 6. Bb3 Bb7 7. Re1 Be7 8. c3 O-O 9. d4 d6 10. a3 Na5 11. Bc2 c5 12. d5 c4 13. Nbd2 Nd7 14. Nf1 Nc5 15. Be3 Nab3 16. Rb1 a5 17. Ng3 Bc8 18. Nf5 Bxf5 19. exf5 a4 20. Bxb3 Nxb3 21. Qc2 g6 22. g4 Kg7 23. Kh1 h6 24. Kg2 Bg5 25. Nxg5 hxg5 26. fxg6 fxg6 27. f3 Qf6 28. Qe4 Rac8 29. Rbd1 Nc5 30. Bxc5 Rxc5 31. Rd2 Qe7 32. Qc2 Qb7 33. Qd1 Rc7 34. Rf2 Rcf7 35. h3 Rf4 36. Re4 Qf7 37. Rxf4 gxf4 38. Rf1 Qe7 39. Qc2 Qh4 40. Qf2 Qxf2+ 41. Rxf2 Rh8 42. Rf1 Kf6 43. Re1 g5 44. Re2 Ke7 45. Re1 Kd7 46. Re2 Kc7 47. Rd2 Kb6 48. Rd1 Kc5 49. Rd2 Rh7 50. Kh2 Kb6 51. Kg2 Kc7 52. Rd1 Kd8 53. Re1 Ke7 54. Re2 Kf6 55. Re1 Rc7 56. Rd1 Rh7 1/2-1/2

[Event "58th Rubinstein Memorial"]
[Site "Polanica Zdroj POL"]
[Date "2022.08.18"]
[Round "6"]
[White "Bernadskii, Vitalii"]
[Black "Sumets, Andrey"]
[WhiteElo "2598"]
[BlackElo "2547"]
[Result "1/2-1/2"]
[EventDate "2022.08.14"]
[PlyCount "94"]
1. e4 c6 2. d4 d5 3. e5 Bf5 4. c4 e6 5. Nc3 Ne7 6. Nf3 Nd7 7. Nh4 dxc4 8. Bxc4 Nb6 9. Bb3 h6 10. Nxf5 Nxf5 11. Be3 Bb4 12. O-O c5 13. Ne2 O-O 14. Qd3 cxd4 15. Nxd4 Bc5 16. Rad1 Bxd4 17. Bxd4 Qxd4 18. Qxd4 Nxd4 19. Rxd4 Rfd8 20. Rfd1 Rxd4 21. Rxd4 Kf8 22. f4 Ke7 23. Kf2 Rc8 24. Ke3 h5 25. Kd2 g6 26. Rd3 Nc4+ 27. Bxc4 Rxc4 28. g3 Ra4 29. a3 Rc4 30. Rc3 Rxc3 31. Kxc3 Kd7 32. Kc4 Kc6 33. a4 Kb6 34. b4 Kc6 35. b5+ Kc7 36. Kc5 b6+ 37. Kd4 Kd7 38. Ke4 Ke7 39. Kf3 Kf8 40. g4 hxg4+ 41. Kxg4 Kg8 42. Kg5 Kg7 43. h3 Kg8 44. Kf6 Kf8 45. h4 Ke8 46. Kg7 Ke7 47. Kg8 Ke8 1/2-1/2

[Event "58th Rubinstein Memorial"]
[Site "Polanica Zdroj POL"]
[Date "2022.08.18"]
[Round "6"]
[White "Plat, Vojtech"]
[Black "Donchenko, Alexander"]
[WhiteElo "2556"]
[BlackElo "2630"]
[Result "0-1"]
[EventDate "2022.08.14"]
[PlyCount "92"]
1. e4 c5 2. Nf3 d6 3. Bb5+ Bd7 4. Bxd7+ Qxd7 5. O-O Nf6 6. Re1 Nc6 7. d4 cxd4 8. Nxd4 g6 9. Nc3 Bg7 10. h3 O-O 11. Bg5 Rfe8 12. Qd2 Rac8 13. Rad1 a6 14. Nf3 Qe6 15. Bh6 Ne5 16. Nxe5 Bxh6 17. Qxh6 Qxe5 18. Qe3 Qc5 19. e5 dxe5 20. Qxe5 Qxe5 21. Rxe5 Kf8 22. Rd2 Red8 23. Rxd8+ Rxd8 24. Kf1 e6 25. Ke2 Rc8 26. Kd2 Ke7 27. Re3 h5 28. a4 Rc7 29. Kd3 h4 30. Re2 Rc5 31. Ne4 Rd5+ 32. Ke3 Re5 33. Kd4 Rd5+ 34. Ke3 Nxe4 35. Kxe4 f5+ 36. Kf3 Rc5 37. Rd2 e5 38. Ke2 Ke6 39. b3 b5 40. axb5 axb5 41. Ke1 e4 42. Kd1 b4 43. Ke1 Ke5 44. Re2 f4 45. Rd2 Rd5 46. Re2 g5 0-1

[Event "58th Rubinstein Memorial"]
[Site "Polanica Zdroj POL"]
[Date "2022.08.18"]
[Round "6"]
[White "Tazbir, Marcin"]
[Black "Tomczak, Jacek"]
[WhiteElo "2511"]
[BlackElo "2596"]
[Result "1/2-1/2"]
[EventDate "2022.08.14"]
[PlyCount "65"]
1. c4 Nf6 2. g3 c6 3. Bg2 d5 4. Nf3 dxc4 5. a4 Bf5 6. Na3 Qd5 7. Nh4 Be4 8. f3 Bg6 9. Nxg6 hxg6 10. Qc2 e5 11. Qxc4 Na6 12. Qxd5 Nxd5 13. Rb1 O-O-O 14. Nc4 f6 15. b3 Bb4 16. Ba3 Ne3 17. Nxe3 Bxa3 18. Nc2 Be7 19. b4 f5 20. f4 exf4 21. gxf4 Nc7 22. e3 g5 23. fxg5 Bxg5 24. b5 cxb5 25. Nd4 Rxd4 26. exd4 Re8+ 27. Kd1 Rd8 28. axb5 Rxd4 29. Rb2 Ne8 30. Rc2+ Kb8 31. Re1 Nd6 32. Re6 Nxb5 33. Re8+ 1/2-1/2